เปลี่ยนเป็นภาษาไทย

Change to English
 แสดงรายละเอียดบรรณานุกรม
  กลับหน้าหลัก

Brief Record : Get Marc (ISO 2709) : E-mail record : QR code กลับ
E-books : เกี่ยวกับ Collections
LEADER 00000nam 2200000uu 4500
001    13399128783
003     BCNR
008    260501s2568||||th 000 0 tha d
020    ^a9786164263956
041    ^atha
060  4 ^aWC202^bส839ร 2568
100 0  ^aสุภาวดี มากะนัดถ์
245 00 ^aโรคปอดอักเสบในผู้ใหญ่ =^bPneumonia in adults /^cสุภาวดี มากะนัดถ์
246 31 ^aPneumonia in adults
250    ^aพิมพ์ครั้งที่ 1
260    ^aพิษณุโลก :^bสำนักพิมพ์มหาวิทยาลัยนเรศวร,^c2568
300    ^a215 หน้า :^bภาพประกอบ, ตาราง ;^c26 ซม.
505 0  ^aบทที่ 1 บทนำ โรคปอดอักเสบ -- บทที่ 2 โรคปอดอักเสบชุมชน -- บทที่ 3 โรคปอดอักเสบในโรงพยาบาล -- บทที่ 4 โรคปอดอักเสบที่สัมพันธ์กับเครื่องช่วยหายใจ -- บทที่ 5 โรคปอดอักเสบในผู้ที่มีภูมิคุ้มกันบกพร่อง -- บทที่ 6 โรคปอดอักเสบจากการสำลัก -- บทที่ 7 โรคปอดอักเสบจากการติดเชื้อโควิด 19
650  4 ^aปอดอักเสบ
650  4 ^aปอดอักเสบ^xในวัยผู้ใหญ่
999    ^aบรรณารักษ์
รายการนี้ยังไม่มีแท็ก
คุณยังไม่ได้ล็อกอิน คุณสามารถมีกิจกรรมร่วมกับเว็บไซต์ได้ แต่ต้องล็อกอินก่อน ::
  ล็อกอิน
ลำดับที่ ประเภท เลขเรียก/บาร์โค้ด สถานที่ สถานะ
1. หนังสือ
หนังสือ
WC202 ส839ร 2568 c.1 
  Barcode: 087719
ห้องสมุดสาขาหลัก
►หนังสือทั่วไป
On Shelf
*รอนำขึ้นชั้น
2. หนังสือ
หนังสือ
WC202 ส839ร 2568 c.2 
  Barcode: 087720
ห้องสมุดสาขาหลัก
►หนังสือทั่วไป
On Shelf
*รอนำขึ้นชั้น
3. หนังสือ
หนังสือ
WC202 ส839ร 2568 c.3 
  Barcode: 087721
ห้องสมุดสาขาหลัก
►หนังสือทั่วไป
On Shelf
*รอนำขึ้นชั้น
4. หนังสือ
หนังสือ
WC202 ส839ร 2568 c.4 
  Barcode: 087722
ห้องสมุดสาขาหลัก
►หนังสือทั่วไป
On Shelf
*รอนำขึ้นชั้น
5. หนังสือ
หนังสือ
WC202 ส839ร 2568 c.5 
  Barcode: 087723
ห้องสมุดสาขาหลัก
►หนังสือทั่วไป
On Shelf
*รอนำขึ้นชั้น
6. หนังสือ
หนังสือ
WC202 ส839ร 2568 c.6 
  Barcode: 087724
ห้องสมุดสาขาหลัก
►หนังสือทั่วไป
On Shelf
*รอนำขึ้นชั้น
7. หนังสือ
หนังสือ
WC202 ส839ร 2568 c.7 
  Barcode: 087725
ห้องสมุดสาขาหลัก
►หนังสือทั่วไป
On Shelf
*รอนำขึ้นชั้น
8. หนังสือ
หนังสือ
WC202 ส839ร 2568 c.8 
  Barcode: 087726
ห้องสมุดสาขาหลัก
►หนังสือทั่วไป
On Shelf
*รอนำขึ้นชั้น
9. หนังสือ
หนังสือ
WC202 ส839ร 2568 c.9 
  Barcode: 087727
ห้องสมุดสาขาหลัก
►หนังสือทั่วไป
On Shelf
*รอนำขึ้นชั้น
10. หนังสือ
หนังสือ
WC202 ส839ร 2568 c.10 
  Barcode: 087728
ห้องสมุดสาขาหลัก
►หนังสือทั่วไป
On Shelf
*รอนำขึ้นชั้น
   [แสดง 10/10 รายการ]

รายการใกล้เคียง
    หัวเรื่อง [ปอดอักเสบ]

BibComment


ยังไม่เคยถูกคอมเมนท์

คอมเมนท์ทรัพยากรรายการนี้
  คอมเมนท์: โรคปอดอักเสบในผู..
Bib 13399128783

 
 
 

 Union Library Management : ULibM
Copyright 2026. All Rights Reserved.